书目信息

书名: 高级财务会计 
作者: 孙光国 编著
出版信息: 北京   经济科学出版社  2009
开本页数: 23cm  241页
丛书名:
单 册:
中图分类: F234
科图分类:
主题词: 财务会计--远程教育--教材
电子资源:
ISBN: 978-7-5058-7984-3
000 00863nam0 2200253 450
001 486
005 20090506102753.0
010    @a978-7-5058-7984-3@dCNY26.00
100    @a20090506d2009 em y0chiy0110 ea
101 @achi
102    @aCN@b110000
105    @ay z 000yy
106    @ar
200 @a高级财务会计@Agao ji cai wu kuai ji@f孙光国编著
210    @a北京@c经济科学出版社@d2009
215    @a241页@d23cm@e1手册
300    @a现代远程教育系列教材
307    @a附手册:《高级财务会计》操作与习题手册(57页)
330    @a本书内容包括:企业合并会计、合并财务报表、外币业务会计、租赁会计、企业重组与清算会计、投资性房地产会计、油气开采会计、股份支付会计、中期财务报告和分部报告。
606 @a财务会计@x远程教育@j教材
690    @aF234@v4
701  0 @a孙光国@Asun guang guo@4编著
801  0 @aCN@b浙江省新华书店集团公司@c20090506
905    @dF234@e61
    
    高级财务会计/孙光国编著.-北京:经济科学出版社,2009
    241页;23cm+1手册
    现代远程教育系列教材
    
    ISBN 978-7-5058-7984-3:CNY26.00
    本书内容包括:企业合并会计、合并财务报表、外币业务会计、租赁会计、企业重组与清算会计、投资性房地产会计、油气开采会计、股份支付会计、中期财务报告和分部报告。
相关链接 在五车中查询图书 在当当中查询图书 在豆瓣中查询图书


正题名:高级财务会计     索取号:F234/61         预约/预借

序号 登录号 条形码 馆藏地/架位号 状态 备注
1 309455   300309455   柳城密-1楼/6架7列2层/ [索取号:F234/61] 在馆    
2 309456   300309456   柳城-5楼/4架12列3层/ [索取号:F234/61] 在馆    
3 309457   300309457   柳城-5楼/4架12列3层/ [索取号:F234/61] 在馆    
4 309459   300309459   柳城-5楼/4架12列3层/ [索取号:F234/61] 在馆    
5 309460   300309460   柳城-5楼/4架12列3层/ [索取号:F234/61] 在馆